[Event "45. Open de Mislata 2011 - Grupo A"]
[Site "Mislata ESP"]
[Date "2011.08.20"]
[Round "8.6"]
[White "Mingo Fernandez, Matias"]
[Black "Cabero Feliciano, Guillermo"]
[Result "1-0"]
[WhiteElo "2189"]
[BlackElo "2101"]
[PlyCount "51"]
[EventDate "2011.08.15"]
[EventType "swiss"]
[EventRounds "9"]
[EventCountry "ESP"]
[Source "lmi"]
[SourceDate "2011.08.15"]

1. d4 d5 2. Nf3 e6 3. Bf4 Bd6 4. Bg3 Ne7 5. e3 Nf5 6. Bd3 Nxg3 7. hxg3 f5 8.
Nh4 O-O 9. Nd2 g5 10. Nhf3 g4 11. Nh2 Qg5 12. Qe2 Nc6 13. c3 e5 14. dxe5 Nxe5
15. Bc2 Be6 16. O-O-O Rab8 17. f4 gxf3 18. gxf3 Ng6 19. f4 Qe7 20. Ndf3 Bc5 21.
Ng5 Rf6 22. Nhf3 h6 23. Rxh6 Nxf4 24. Qh2 Ng6 25. Rh1 Bxe3+ 26. Kb1 1-0

[Event "45. Open de Mislata 2011 - Grupo A"]
[Site "Mislata ESP"]
[Date "2011.08.20"]
[Round "8.7"]
[White "Sanchez Saez, Francisco"]
[Black "Llerins Bonet, Ricardo"]
[Result "0-1"]
[WhiteElo "2227"]
[BlackElo "2130"]
[PlyCount "96"]
[EventDate "2011.08.15"]
[EventType "swiss"]
[EventRounds "9"]
[EventCountry "ESP"]
[Source "lmi"]
[SourceDate "2011.08.15"]

1. e4 e6 2. d4 d5 3. Nc3 dxe4 4. Nxe4 Be7 5. Nf3 Nf6 6. Bd3 Nxe4 7. Bxe4 Nd7 8.
c3 Nf6 9. Bc2 c5 10. Qd3 Bd7 11. Ne5 cxd4 12. Qxd4 Bb5 13. Be3 Qxd4 14. Bxd4
O-O 15. a4 Bc6 16. Nxc6 bxc6 17. a5 c5 18. Be5 Rfd8 19. Ke2 Bd6 20. Bxd6 Rxd6
21. Rhd1 Rxd1 22. Rxd1 Rb8 23. c4 Kf8 24. b3 Ke7 25. f3 Nd7 26. Kd3 Ne5+ 27.
Kc3 Nc6 28. Be4 Nd4 29. b4 cxb4+ 30. Kxd4 Rd8+ 31. Bd5 exd5 32. cxd5 Kd6 33.
Kc4 Rb8 34. Rb1 b3 35. Rb2 a6 36. g3 Rb5 37. f4 Rc5+ 38. Kb4 Rxd5 39. h4 Rb5+
40. Kc4 h5 41. Kd4 f6 42. Ke4 g6 43. Kf3 Kc5 44. g4 Kb4 45. gxh5 gxh5 46. Ke4
f5+ 47. Ke3 Kc3 48. Rb1 b2 0-1

[Event "45. Open de Mislata 2011 - Grupo A"]
[Site "Mislata ESP"]
[Date "2011.08.20"]
[Round "8.8"]
[White "Pena, Riasco Alexander"]
[Black "Corona Gentil, Jose Luis"]
[Result "1-0"]
[WhiteElo "2193"]
[BlackElo "2112"]
[PlyCount "135"]
[EventDate "2011.08.15"]
[EventType "swiss"]
[EventRounds "9"]
[EventCountry "ESP"]
[Source "lmi"]
[SourceDate "2011.08.15"]

1. e4 d5 2. exd5 Qxd5 3. Nc3 Qa5 4. Bc4 Nf6 5. d4 Bf5 6. Nf3 e6 7. Bd2 c6 8.
O-O Nbd7 9. Qe2 Be7 10. Nd5 Qd8 11. Nxe7 Qxe7 12. c3 O-O 13. Rfe1 h6 14. Ne5
Nxe5 15. Qxe5 Nd5 16. a4 Qf6 17. Qg3 Qg6 18. Re5 Qxg3 19. hxg3 Rfd8 20. f3 Nb6
21. Bf1 Rd5 22. Ree1 Rdd8 23. a5 Nd7 24. g4 Bg6 25. g5 h5 26. b4 a6 27. Bf4
Rac8 28. Bc4 Nf8 29. Kf2 Bf5 30. Rh1 Ng6 31. Bg3 e5 32. Bxe5 Nxe5 33. dxe5 Rd2+
34. Kg3 Re8 35. Rae1 g6 36. Re3 Kf8 37. Rhe1 Be6 38. R3e2 Red8 39. Bxe6 fxe6
40. Rxd2 Rxd2 41. Re4 Ke7 42. Rc4 Re2 43. f4 Rc2 44. Kh3 Re2 45. Rc5 Kd7 46.
Rc4 Ke7 47. Kg3 Rc2 48. Kf3 Rc1 49. g4 h4 50. Kg2 Re1 51. f5 exf5 52. gxf5 h3+
53. Kxh3 gxf5 54. Rh4 Rg1 55. Rh7+ Ke6 56. Rxb7 Kxe5 57. Rb6 Rxg5 58. Rxc6 Ke4
59. Rxa6 Kf3 60. Kh4 Rg4+ 61. Kh5 Rc4 62. Rf6 f4 63. Kg5 Kg3 64. a6 f3 65. a7
Rc8 66. b5 f2 67. Rxf2 Kxf2 68. b6 1-0

[Event "45. Open de Mislata 2011 - Grupo A"]
[Site "Mislata ESP"]
[Date "2011.08.20"]
[Round "8.9"]
[White "Carrasco Sagredo, Manuel"]
[Black "Plaza Agudo, Juan Francisco"]
[Result "0-1"]
[WhiteElo "2170"]
[BlackElo "2035"]
[PlyCount "78"]
[EventDate "2011.08.15"]
[EventType "swiss"]
[EventRounds "9"]
[EventCountry "ESP"]
[Source "lmi"]
[SourceDate "2011.08.15"]

1. e4 Nf6 2. e5 Nd5 3. c4 Nb6 4. d4 d6 5. f4 dxe5 6. fxe5 Nc6 7. Be3 Bf5 8. Nc3
e6 9. Nf3 Bg4 10. Qd2 Qd7 11. Rd1 Be7 12. Qf2 O-O-O 13. Be2 Bxf3 14. Qxf3 f5
15. O-O g5 16. Kh1 g4 17. Qf2 Rdg8 18. Bf4 Bg5 19. d5 Nd8 20. Qc5 Bxf4 21. Rxf4
Kb8 22. Qa5 c6 23. Rfd4 exd5 24. cxd5 cxd5 25. Nxd5 Nc6 26. Bb5 Qxd5 27. Rxd5
Nxa5 28. Rd6 Nac4 29. Re6 a6 30. Bxc4 Nxc4 31. b3 Ne3 32. Re1 Rd8 33. g3 Nc2
34. Rf1 Nd4 35. Rh6 Nf3 36. e6 Rd2 37. a4 Re2 38. Rd1 Re8 39. Rd6 Rc8 0-1

[Event "45. Open de Mislata 2011 - Grupo A"]
[Site "Mislata ESP"]
[Date "2011.08.20"]
[Round "8.10"]
[White "Ventura Monfort, Santiago"]
[Black "Gimeno Martos, Roberto"]
[Result "0-1"]
[WhiteElo "2003"]
[BlackElo "2144"]
[PlyCount "126"]
[EventDate "2011.08.15"]
[EventType "swiss"]
[EventRounds "9"]
[EventCountry "ESP"]
[Source "lmi"]
[SourceDate "2011.08.15"]

1. e4 d6 2. d4 Nd7 3. Nc3 c6 4. Be3 Ngf6 5. f3 e5 6. Qd2 Be7 7. Nge2 O-O 8. Ng3
Re8 9. Nf5 Bf8 10. O-O-O d5 11. exd5 cxd5 12. Bg5 Nb6 13. Ng3 h6 14. Bxf6 Qxf6
15. Bb5 Rd8 16. dxe5 Qxe5 17. Rhe1 Qc7 18. Kb1 a6 19. Bd3 Be6 20. Nce2 Nc4 21.
Bxc4 dxc4 22. Nd4 Qb6 23. c3 Bc5 24. Ne4 Bxd4 25. cxd4 Bf5 26. Ka1 Bxe4 27.
fxe4 Qd6 28. g3 b5 29. d5 f6 30. Qf4 Qc5 31. Qe3 Rac8 32. Qxc5 Rxc5 33. Kb1 f5
34. d6 fxe4 35. Rxe4 Rd7 36. Kc2 Rf5 37. Rd2 Rf3 38. Re8+ Rf8 39. Re5 Rfd8 40.
Red5 Kf7 41. R5d4 Ke6 42. Re2+ Kf6 43. Rf4+ Kg6 44. Re6+ Kh7 45. Rd4 Kg8 46.
Kc3 Kf7 47. Re2 Rxd6 48. Rde4 a5 49. a3 Rd3+ 50. Kc2 R8d7 51. Rf2+ Kg8 52. Re8+
Kh7 53. Rb8 R3d5 54. Kc3 Re7 55. Ra8 Re3+ 56. Kc2 b4 57. axb4 axb4 58. b3 Rxb3
59. Rc8 Ra3 60. Rf4 b3+ 61. Kc3 Rd3+ 62. Kxc4 b2 63. Rb8 Rac3+ 0-1

[Event "45. Open de Mislata 2011 - Grupo A"]
[Site "Mislata ESP"]
[Date "2011.08.21"]
[Round "9.1"]
[White "Montalban, Galvez Antoni"]
[Black "Luna Cortes, Luis"]
[Result "1-0"]
[WhiteElo "2158"]
[BlackElo "2143"]
[PlyCount "131"]
[EventDate "2011.08.15"]
[EventType "swiss"]
[EventRounds "9"]
[EventCountry "ESP"]
[Source "lmi"]
[SourceDate "2011.08.15"]

1. Nf3 d5 2. d4 Nc6 3. Bf4 Bg4 4. e3 Nf6 5. Be2 Bxf3 6. Bxf3 e6 7. Nd2 Bd6 8.
Bxd6 Qxd6 9. c4 O-O 10. O-O Ne7 11. cxd5 exd5 12. Qc2 c6 13. Nb3 Ng6 14. g3
Rfe8 15. Nc5 Re7 16. Rac1 Nf8 17. Qb3 Rb8 18. Rc2 Ne6 19. Qa3 Ng5 20. Bg2 a6
21. Nd3 Qxa3 22. bxa3 Nge4 23. Rb1 Rc8 24. Nc5 Nxc5 25. Rxc5 Ne8 26. Bxd5 Rd8
27. Bf3 g6 28. a4 Nf6 29. Kg2 Kg7 30. a5 Rd6 31. Rc3 h5 32. h4 Kf8 33. Rcb3
Rdd7 34. R1b2 Ke8 35. Rxb7 Nd5 36. Rb8+ Rd8 37. Rxd8+ Kxd8 38. Bxd5 cxd5 39.
Rb6 Rc7 40. Rxa6 Ke7 41. Rb6 Rc2 42. a6 Rxa2 43. Rb7+ Ke6 44. a7 f6 45. Rg7 Kf5
46. Rd7 Ke6 47. Rh7 Kf5 48. Re7 Ra5 49. Kh3 Ra1 50. Kh2 Ra2 51. Kg2 Ra5 52. Kf1
Ra2 53. Ke1 g5 54. hxg5 fxg5 55. Kf1 Kf6 56. Re5 Rxa7 57. Rxd5 Ra2 58. Kg2 Rb2
59. Rd6+ Kf5 60. Rh6 Kg4 61. Rf6 h4 62. gxh4 Kxh4 63. Kf3 g4+ 64. Ke4 Rb8 65.
d5 Kg5 66. Rf4 1-0

[Event "45. Open de Mislata 2011 - Grupo A"]
[Site "Mislata ESP"]
[Date "2011.08.21"]
[Round "9.2"]
[White "Buenafe Moya, Javier"]
[Black "Garcia Martinez, Silvino"]
[Result "1/2-1/2"]
[WhiteElo "2312"]
[BlackElo "2316"]
[PlyCount "42"]
[EventDate "2011.08.15"]
[EventType "swiss"]
[EventRounds "9"]
[EventCountry "ESP"]
[Source "lmi"]
[SourceDate "2011.08.15"]

1. c4 Nf6 2. Nc3 g6 3. e4 d6 4. f4 c5 5. Nf3 Nc6 6. d3 Bg7 7. g3 O-O 8. Bg2 Bg4
9. h3 Bxf3 10. Qxf3 Rb8 11. O-O Nd4 12. Qf2 b5 13. cxb5 Nd7 14. Be3 Nxb5 15.
Rac1 Nd4 16. Qd2 e6 17. g4 Re8 18. Nd1 Qb6 19. Rf2 Qb4 20. Rc4 Qxd2 21. Bxd2
Rb4 1/2-1/2

[Event "45. Open de Mislata 2011 - Grupo A"]
[Site "Mislata ESP"]
[Date "2011.08.21"]
[Round "9.3"]
[White "Cruz Lledo, Pablo"]
[Black "Mingo Fernandez, Matias"]
[Result "1-0"]
[WhiteElo "2269"]
[BlackElo "2189"]
[PlyCount "119"]
[EventDate "2011.08.15"]
[EventType "swiss"]
[EventRounds "9"]
[EventCountry "ESP"]
[Source "lmi"]
[SourceDate "2011.08.15"]

1. d4 d5 2. c4 e6 3. Nf3 a6 4. cxd5 exd5 5. g3 Bd6 6. Bg2 Ne7 7. O-O O-O 8. Nc3
c6 9. Qb3 Nd7 10. Re1 Qb6 11. Qc2 Nf6 12. Bg5 Bf5 13. Qc1 Ne4 14. Be3 Bb4 15.
Nh4 Qa5 16. Bd2 Nxd2 17. Qxd2 Be6 18. a3 Bd6 19. b4 Qd8 20. Na4 Nf5 21. Nxf5
Bxf5 22. Nc5 Ra7 23. Rac1 Re8 24. e3 Qb6 25. Bf1 Be4 26. a4 Bf3 27. Qc3 h5 28.
Rb1 h4 29. Bg2 Bxg2 30. Kxg2 Qd8 31. b5 axb5 32. axb5 cxb5 33. Rxb5 h3+ 34. Kg1
Qf6 35. Qd3 Qf3 36. Qf1 Bxc5 37. Rxc5 Ra2 38. Rc3 Rea8 39. Rec1 g6 40. e4 Qxe4
41. Qxh3 Kg7 42. Rd1 Ra1 43. Qf1 Rxd1 44. Qxd1 Ra2 45. Re3 Qf5 46. Qe1 Rb2 47.
Kg2 Rb1 48. Qe2 Qd7 49. Re7 Qf5 50. Re5 Qd7 51. Re7 Qf5 52. h4 Rb4 53. Re5 Qf6
54. Qe3 Rb5 55. h5 gxh5 56. Rxh5 Kf8 57. Qa3+ Kg7 58. Qa8 Kg6 59. Rh4 Rb2 60.
Qg8+ 1-0

[Event "45. Open de Mislata 2011 - Grupo A"]
[Site "Mislata ESP"]
[Date "2011.08.21"]
[Round "9.4"]
[White "Jordan Arenas, Manuel"]
[Black "Llerins Bonet, Ricardo"]
[Result "1/2-1/2"]
[WhiteElo "2153"]
[BlackElo "2130"]
[PlyCount "82"]
[EventDate "2011.08.15"]
[EventType "swiss"]
[EventRounds "9"]
[EventCountry "ESP"]
[Source "lmi"]
[SourceDate "2011.08.15"]

1. d4 Nf6 2. c4 g6 3. Nc3 d5 4. Nf3 Bg7 5. Qb3 dxc4 6. Qxc4 O-O 7. e4 Nbd7 8.
Bf4 c6 9. Be2 Nb6 10. Qd3 Be6 11. Rd1 Bc4 12. Qb1 Bxe2 13. Nxe2 Nfd7 14. O-O
Nf6 15. Ng3 Qc8 16. Qc1 Qe6 17. e5 Nfd5 18. Bh6 Rac8 19. Qg5 Rfd8 20. Rfe1 a6
21. Re4 f6 22. exf6 Qxf6 23. Bxg7 Qxg7 24. Rde1 Rc7 25. Re6 Nf6 26. Qe5 Nbd5
27. h3 Rcd7 28. b4 Kf8 29. a3 Nc7 30. Ng5 h6 31. Rxf6+ exf6 32. Qc5+ Kg8 33.
Nf3 Nd5 34. Qa5 Rf8 35. Qc5 Re7 36. Qc4 Rxe1+ 37. Nxe1 Qe7 38. Nf3 Kg7 39. a4
Re8 40. b5 axb5 41. axb5 Qd6 1/2-1/2

[Event "45. Open de Mislata 2011 - Grupo A"]
[Site "Mislata ESP"]
[Date "2011.08.21"]
[Round "9.5"]
[White "Martinez Tormo, Jorge"]
[Black "Bosque Ortega, Xavier"]
[Result "1-0"]
[WhiteElo "2164"]
[BlackElo "2245"]
[PlyCount "123"]
[EventDate "2011.08.15"]
[EventType "swiss"]
[EventRounds "9"]
[EventCountry "ESP"]
[Source "lmi"]
[SourceDate "2011.08.15"]

1. e4 c6 2. d4 d5 3. e5 g6 4. Nc3 h5 5. f4 Nh6 6. Nf3 Bg4 7. Be3 Nf5 8. Bf2 e6
9. h3 Bxf3 10. Qxf3 h4 11. Bd3 Nd7 12. Ne2 Qa5+ 13. c3 c5 14. O-O cxd4 15. Nxd4
Nxd4 16. cxd4 O-O-O 17. a3 Kb8 18. b4 Qb6 19. Rfb1 Rc8 20. a4 Qc7 21. Qe3 Bh6
22. Bb5 Nb6 23. Bxh4 Nc4 24. Bxc4 Qxc4 25. Be1 Qc2 26. Rc1 Qb2 27. Rab1 Qa2 28.
a5 Rc4 29. Rxc4 Qxb1 30. Rc1 Qb2 31. Bc3 Qa3 32. Bd2 Qxe3+ 33. Bxe3 a6 34. Kf2
Rc8 35. Rxc8+ Kxc8 36. g4 Kd7 37. h4 Kc6 38. f5 Bf8 39. fxg6 fxg6 40. h5 gxh5
41. gxh5 Kb5 42. h6 Bxh6 43. Bxh6 Kxb4 44. Bd2+ Kb5 45. Ke3 b6 46. axb6 Kxb6
47. Kd3 Kb5 48. Kc3 Ka4 49. Kb2 a5 50. Bc3 Kb5 51. Kb3 a4+ 52. Ka3 Kc4 53. Bb2
Kb5 54. Bc1 Kc4 55. Be3 Kd3 56. Bg1 Ke2 57. Kxa4 Kf1 58. Be3 Ke2 59. Bc1 Kd3
60. Bb2 Kc2 61. Ba3 Kc3 62. Bc5 1-0

[Event "45. Open de Mislata 2011 - Grupo A"]
[Site "Mislata ESP"]
[Date "2011.08.21"]
[Round "9.6"]
[White "Martin Hernandez, Ruben"]
[Black "Cabero Feliciano, Guillermo"]
[Result "1-0"]
[WhiteElo "2128"]
[BlackElo "2101"]
[PlyCount "65"]
[EventDate "2011.08.15"]
[EventType "swiss"]
[EventRounds "9"]
[EventCountry "ESP"]
[Source "lmi"]
[SourceDate "2011.08.15"]

1. c4 e6 2. g3 d5 3. Bg2 c5 4. Nf3 Nf6 5. O-O Nc6 6. d4 Be7 7. dxc5 Bxc5 8. Bg5
h6 9. Bxf6 Qxf6 10. cxd5 exd5 11. Qxd5 Bb6 12. Nc3 O-O 13. Qb5 Bg4 14. Nd5 Qf5
15. Qxc6 bxc6 16. Ne7+ Kh7 17. Nxf5 Bxf5 18. Rac1 Rac8 19. e3 c5 20. Ne5 Be6
21. b3 Rfd8 22. Rc2 Bf5 23. e4 Be6 24. Rfc1 f6 25. Nc4 Bxc4 26. Rxc4 Rd2 27. b4
Rxa2 28. bxc5 Bd8 29. c6 Bb6 30. c7 Rxf2 31. Kh1 g6 32. e5 f5 33. Bb7 1-0

[Event "45. Open de Mislata 2011 - Grupo A"]
[Site "Mislata ESP"]
[Date "2011.08.21"]
[Round "9.7"]
[White "Gonzalez Aguirre, Luis"]
[Black "Pena, Riasco Alexander"]
[Result "1-0"]
[WhiteElo "2207"]
[BlackElo "2193"]
[PlyCount "66"]
[EventDate "2011.08.15"]
[EventType "swiss"]
[EventRounds "9"]
[EventCountry "ESP"]
[Source "lmi"]
[SourceDate "2011.08.15"]

1. c4 e5 2. g3 Bc5 3. Bg2 Nf6 4. Nc3 Nc6 5. a3 a5 6. e3 Qe7 7. d3 O-O 8. Nge2
d6 9. O-O Ba7 10. Qc2 Bf5 11. Bd2 Qd7 12. Nd5 Ng4 13. b4 Nd8 14. bxa5 c6 15.
Nb6 Bxb6 16. axb6 Nf6 17. a4 Bh3 18. a5 Bxg2 19. Kxg2 Re8 20. e4 Qg4 21. f3 Qd7
22. d4 d5 23. dxe5 Rxe5 24. Bc3 Re7 25. Bxf6 gxf6 26. Rfd1 f5 27. exf5 Qe8 28.
Nf4 c5 29. Rd2 Re1 30. Nxd5 Qe5 31. Rxe1 Qxe1 32. Re2 Qxa5 33. Re8+ Kg7 1-0

[Event "45. Open de Mislata 2011 - Grupo A"]
[Site "Mislata ESP"]
[Date "2011.08.21"]
[Round "9.8"]
[White "Plaza Agudo, Juan Francisco"]
[Black "Sanchez Saez, Francisco"]
[Result "0-1"]
[WhiteElo "2035"]
[BlackElo "2227"]
[PlyCount "68"]
[EventDate "2011.08.15"]
[EventType "swiss"]
[EventRounds "9"]
[EventCountry "ESP"]
[Source "lmi"]
[SourceDate "2011.08.15"]

1. c4 Nf6 2. Nc3 g6 3. g3 Bg7 4. Bg2 O-O 5. d3 d6 6. Nf3 e5 7. O-O c6 8. Qc2
Nh5 9. Rb1 f5 10. Bg5 Qd7 11. Bd2 h6 12. b4 g5 13. h3 f4 14. g4 Nf6 15. Ne4
Nxe4 16. dxe4 h5 17. Nh2 hxg4 18. Nxg4 Qf7 19. Bf3 Be6 20. Rfc1 Nd7 21. Kg2 Nf6
22. a4 Qd7 23. Rh1 Nxg4 24. Bxg4 Bxg4 25. hxg4 Qxg4+ 26. Kf1 f3 27. exf3 Rxf3
28. Rb3 Rxb3 29. Qxb3 Qxe4 30. c5+ d5 31. Qh3 g4 32. Qh4 Rf8 33. Rg1 Qd3+ 34.
Ke1 Qb1+ 0-1